| 000 | 00522nam a2200193Ia 4500 | ||
|---|---|---|---|
| 003 | OSt | ||
| 005 | 20201001093821.0 | ||
| 008 | 190216s9999||||xx |||||||||||||| ||und|| | ||
| 020 | _a8178665131 | ||
| 040 | _coclc | ||
| 082 |
_a660.65 _bJOG/G |
||
| 100 |
_aJogdand, S N _95246 |
||
| 245 | 0 |
_aGene Biotechnology / _cS N Jogdand |
|
| 250 | _a2nd Ed. | ||
| 260 |
_bHimalaya Publishing House, _aMumbai: _c2006. |
||
| 300 | _a358p | ||
| 650 | _aBotany | ||
| 942 |
_cBK _2ddc _h660.65 _iJOG/G _k660.65 _mJOG/G |
||
| 999 |
_c1719 _d1719 |
||